书目信息 |
| 题名: |
中医眼科六经法要
|
|
| 作者: | 陈达夫 著 | |
| 分册: | ||
| 出版信息: | 成都 四川人民出版社 1978 |
|
| 页数: | 114页 | |
| 开本: | 20cm | |
| 丛书名: | ||
| 单 册: | ||
| 中图分类: | R276.7 | |
| 科图分类: | ||
| 主题词: | 眼病-中医学临床 , 中医学临床-眼病 | |
| 电子资源: | ||
| ISBN: | ||
| 000 | 00604nam0 2200229 45 | |
| 001 | 0178000617 | |
| 005 | 20060820151912.21 | |
| 010 | @dCNY0.43 | |
| 091 | @a14118.23 | |
| 100 | @a19950803d1978 em y0chiy0121 ea | |
| 101 | 0 | @achi |
| 102 | @aCN@b510000 | |
| 105 | @ay z 000yy | |
| 200 | 10 | @a中医眼科六经法要@Azhong yi yan ke liu jing fa yao@f陈达夫著 |
| 210 | @a成都@c四川人民出版社@d1978 | |
| 215 | @a114页@d20cm | |
| 606 | @a眼病-中医学临床 | |
| 606 | @a中医学临床-眼病 | |
| 690 | @aR276.7@v3 | |
| 701 | 0 | @a陈达夫@Achen da fu@4著 |
| 801 | 0 | @aCN@bTSSF@c20060820 |
| 905 | @a10447@dR276.7@e167 | |
| 中医眼科六经法要/陈达夫著.-成都:四川人民出版社,1978 |
| 114页;20cm |
| ISBN :CNY0.43 |
| ● |
| 相关链接 |
|
|
|
|
正题名:中医眼科六经法要
索取号:R276.7/167
 
预约/预借
| 序号 | 登录号 | 条形码 | 馆藏地/架位号 | 状态 | 备注 |
| 1 | 0470417 | 204704178 | 密集书库/ [索取号:R276.7/167] | 在馆 |